| 000 | 00593nam a22001697a 4500 | ||
|---|---|---|---|
| 999 |
_c14895 _d14895 |
||
| 008 | 200130b ||||| |||| 00| 0 eng d | ||
| 020 | _a9781641721868 | ||
| 082 |
_22019 _aDC 338.4791 _bP297 |
||
| 100 |
_aPayton, Ariel _941370 |
||
| 245 |
_aTour planning and management: _bA career guide/ _cAriel Payton |
||
| 260 |
_aNew York: _bLarsen & Keller, _c©2019. |
||
| 300 |
_aviii, 204 pages: _billustrations; _c26 cm. |
||
| 500 | _aIncludes bibliographical references and index. | ||
| 650 |
_aTourism--Management _968 |
||
| 650 |
_aTourism--Management--Vocational guidance _941371 |
||
| 942 |
_2ddc _cDC |
||